Statistics for 三国无双&无双大蛇 - 所有可操控武将

Click here to take the quiz!

General Stats

  • This quiz has been taken 17 times
  • The average score is 103 of 195

Answer Stats

阵营武将% Correct
曹操
93%
荀彧
93%
其他1吕布
93%
司马昭
93%
庞统
93%
黄忠
93%
赵云
93%
诸葛亮
93%
张飞
93%
关羽
93%
刘备
93%
凌统
93%
甘宁
93%
周瑜
93%
孙策
93%
孙权
93%
司马懿
93%
张辽
93%
其他1董卓
86%
曹丕
86%
其他1孟获
86%
李典
86%
邓艾
86%
司马师
86%
关兴
86%
姜维
86%
刘禅
86%
夏侯惇
86%
夏侯渊
86%
马超
86%
典韦
86%
魏延
86%
郭嘉
86%
孙坚
86%
陆逊
86%
黄盖
86%
其他1袁绍
79%
贾诩
79%
吕蒙
79%
张苞
79%
张郃
79%
孙尚香
79%
韩当
79%
其他1祝融
79%
其他1貂蝉
79%
于禁
79%
战国1上杉谦信
71%
钟会
71%
法正
71%
战国2德川家康
71%
战国1织田信长
71%
其他1张角
71%
其他1袁术
71%
大乔
71%
关平
71%
乐进
71%
小乔
71%
太史慈
71%
许褚
71%
徐晃
71%
鲁肃
71%
战国1丰臣秀吉
71%
蔡文姬
64%
曹仁
64%
战国2柴田胜家
64%
周泰
64%
庞德
64%
战国1武田信玄
64%
其他1陈宫
64%
战国1浓姬
64%
战国1本多忠胜
64%
王元姬
64%
月英
64%
战国1真田幸村
64%
其他2三藏法师
64%
马岱
64%
关银屏
64%
甄宓
64%
战国1伊达政宗
57%
其他3哪吒
57%
战国1明智光秀
57%
其他3哪吒(人型)
57%
战国1阿市
57%
战国1今川义元
57%
其他2孙悟空
57%
诸葛诞
57%
徐盛
57%
程普
57%
丁奉
57%
张春华
57%
荀攸
57%
战国3甲斐姬
57%
夏侯霸
57%
其他2太公望
50%
其他1吕玲绮
50%
战国2浅井长政
50%
练师
50%
星彩
50%
战国2长宗我部元亲
50%
朱然
50%
其他2女娲
50%
其他2伏羲
50%
王异
50%
其他1左慈
50%
关索
50%
徐庶
50%
其他2卑弥呼
50%
贾充
50%
战国1服部半藏
50%
郭淮
50%
战国2岛津义弘
50%
战国2直江兼续
43%
战国1森兰丸
43%
鲍三娘
43%
战国1女忍者
43%
战国2风魔小太郎
43%
战国1阿国
43%
周仓
43%
其他3源义经
43%
战国2加西亚
43%
战国3北条氏康
43%
其他2妲己
43%
其他2真 远吕智
43%
其他2远吕智
43%
其他2弁庆
43%
战国1杂贺孙市
36%
战国3竹中半兵卫
36%
战国3黑田官兵卫
36%
战国1稻姬
36%
战国2石田三成
36%
战国2宁宁
36%
战国2宫本武藏
36%
战国2前田利家
36%
战国2佐佐木小次郎
36%
战国3毛利元就
36%
战国3立花宗茂
36%
战国1前田庆次
36%
其他2平清盛
36%
其他3安倍晴明
36%
文鸳
36%
其他3酒吞童子
36%
其他3玉藻前
36%
其他3九尾狐
36%
其他3贞德
36%
其他1董白
36%
其他3宙斯
36%
曹休
36%
夏侯姬
29%
满宠
29%
战国2立花誾千代
29%
战国3加藤清正
29%
战国3福岛正则
29%
战国4井伊直虎
29%
战国3石川五右卫门
29%
其他1华雄
29%
其他3辉夜姬
29%
其他3素戋呜
29%
其他3盖亚
29%
战国4松永久秀
29%
战国4井伊直政
29%
其他3杨戬
29%
其他3雅典娜
29%
其他3珀尔修斯
29%
其他3洛基
29%
战国2岛左近
29%
其他3阿瑞斯
29%
其他3奥丁
29%
战国4小早川隆景
21%
战国4上杉景胜
21%
其他2百百目鬼
21%
其他3神农
21%
战国4真田信之
21%
其他3
21%
辛宪英
21%
战国4柳生宗矩
21%
战国4小少将
21%
战国4早川殿
21%
其他3龙隼
21%
战国3绫御前
21%
战国4片仓小十郎
14%
战国4大谷吉继
14%
其他3绫音
14%
其他3阿基里斯
14%
其他3混沌
14%
其他3索菲提亚
14%
其他2牛鬼
14%
其他3
14%
其他3红叶
14%
其他3应龙
14%
其他3瑞秋
14%
其他3黑帝斯
14%
战国4藤堂高虎
7%
其他3斯泰尔格
7%
战国4岛津丰久
7%
其他3内梅亚
0%

Score Distribution

Percentile by Number Answered

Percent of People with Each Score

Your Score History

You have not taken this quiz